Quizzes
Events
Quiz Creation
Community
Videos
Private Events
Remove Ads
Sign In
Join for FREE
Feedback
Dark Mode
Quiz Categories
Sports
Geography
Music
Movies
Television
Just For Fun
Miscellaneous
History
Literature
Language
Science
Gaming
Entertainment
Religion
Holiday
For Kids
Quiz Lab
Recent
Popular Today
Quiz Kudos Today
Editor Picks
Curator Picks
Quizzes by...
Day
Popularity
Type
Ratings
Length
Year
Community
Subscriptions
Recent Discussions
Orange Saloon
Badges
Playlists
Quests
Create
Leaderboards
Showdown
Live 5
Trivia Bingo
Activity
Puzzle Library
Sporcle Events
Private Events
Virtual Trivia
Globe League
Become a Host
Pub Owners
SporcleCon
Opinionation
Our Games
Videos
Blog
Mobile Apps
Partnerships
Remove Ads and Go Orange
Feedback
Movies
Disney
Marvel Cinematic Universe
Movie Resume
Movie Titles
Oscar
Actor
Actress
Director
Pixar
Role
Movie Quotes
Movie Characters
Box Office
Nominee
Best Picture
Star Wars
James Bond
Horror Movies
Movies
Disney
Marvel Cinematic Universe
Movie Resume
Movie Titles
Oscar
Actor
Actress
Director
Pixar
Role
Movie Quotes
Movie Characters
Box Office
Nominee
Best Picture
Star Wars
James Bond
Horror Movies
Random Quiz
Search Sporcle
×
Quiz Lab
Quiz Lab
Movies
Oscar
Type in answers that appear in a list
Type in answers that appear in a list
Classic
Best Score? Go Orange.
Best Picture Oscar Nominees of the 1950s Stats
Can you name the Best Picture Oscar nominees of the 1950s?
By
joshmassey
12m
50 Questions
214 Plays
214 Plays
214 Plays
Comments
Comments
Give Quiz Kudos
Give Quiz Kudos
-
- Ratings
hide this ad
More Info
Replay
Link that replays current quiz
Next Quiz
Link to next quiz in quiz playlist
You Got
0%
They Got
Avg Score
65%
Avg Friend Score
Upgrade to see
Score Distribution
Jump to the score distribution portion of the page
Score
0/50
Timer
12:00
0
Plays Today
Year
Film Title
% Correct
1954
On the Waterfront
95.3%
1950
All About Eve
94.4%
1955
Marty
92.5%
1959
Ben-Hur
92.5%
1951
A Streetcar Named Desire
92.1%
1950
Sunset Boulevard
90.2%
1956
The King and I
90.2%
1952
High Noon
89.3%
1951
An American in Paris
87.9%
1953
Roman Holiday
87.9%
1957
The Bridge on the River Kwai
87.4%
1953
From Here to Eternity
86.4%
1956
Giant
86.4%
1958
Gigi
82.2%
1957
12 Angry Men
80.8%
1956
Around the World in 80 Days
77.1%
1956
The Ten Commandments
76.6%
1953
Shane
75.7%
1952
The Greatest Show on Earth
74.8%
1958
Cat on a Hot Tin Roof
72%
1951
A Place in the Sun
71.5%
1950
Born Yesterday
71%
1953
Julius Caesar
66.4%
1957
Sayonara
66.4%
1959
Anatomy of a Murder
62.6%
Year
Film Title
% Correct
1958
Separate Tables
62.1%
1959
The Nun's Story
61.7%
1952
The Quiet Man
61.2%
1953
The Robe
60.7%
1950
Father of the Bride
60.3%
1958
The Defiant Ones
60.3%
1954
The Caine Mutiny
58.4%
1958
Auntie Mame
55.6%
1959
Room at the Top
54.7%
1954
The Country Girl
53.7%
1957
Peyton Place
53.3%
1954
Seven Brides for Seven Brothers
50.5%
1955
Picnic
50.5%
1959
The Diary of Anne Frank
50.5%
1957
Witness for the Prosecution
50%
1952
Moulin Rouge
48.1%
1951
Quo Vadis
46.3%
1955
Mister Roberts
41.1%
1952
Ivanhoe
40.7%
1955
Love is a Many-Splendored Thing
40.2%
1956
Friendly Persuasion
36.9%
1954
Three Coins in the Fountain
36%
1955
The Rose Tattoo
36%
1950
King Solomon's Mines
34.1%
1951
Decision Before Dawn
25.2%
Quiz Playlist
Details
Report
Send in Message
Add To Playlist
More Info:
Name all of the Best Picture Oscar nominees from 1950 until 1959.
Classic:
Type in answers that appear in a list
Quiz Source
Last Updated: Apr 10, 2017
Quiz Scoreboard
CHALLENGE
Sign Up to Join the Scoreboard
Show All
Scores
Hide
Comments
May contain spoilers
Recently Published
NBA Finals Game Top Scorers (2010s)
by flibbidy
Sports
5m
Guess the 'R' Things in 3 Words
by MSUKent
Miscellaneous
3m
Actor to Badly Drawn Movie III
by MoMosMoProblems
Movies
5m
More to Explore
Quiz From the Vault
Featured Blog Post
Where Does Lost Luggage Go?
hide this ad
You Might Also Like...
Tags
Oscar Quiz
Award Shows
Awards Winners
Hollywood
Movie Stars
Oscars 1927-1969
Today's Top Quizzes in Movies
Browse Movies
hide this ad
Today's Top Quizzes in Oscar
Browse Oscar
Top Contributed Quizzes in Movies
1
Pixar Reveal II
2
How Long Is the Movie Title?
3
Pixar Reveal III
4
10 Quentin Tarantino Movies in Order
5
Adjectives in 00s Movies
6
Pixar Reveal IV
7
Movie Stars Gone to the Dogs
8
Adjectives in 10s Movies
9
Pixar Reveal V
10
Adjectives in 90s Movies
Explore More
Trending Topics
Marvel
Kpop
Harry Potter
Anime
NBA
Disney
Crossword
Song
The Office
WWE
Soccer
NFL
Puzzle
Country
Pokémon
hide this ad
More By:
joshmassey
Quiz
Plays
Rating
Category
Featured
Created
Highest-Grossing Sequels & Prequels
53,127
3.62
Movies
Jan 18, 2011
Carrie Fisher Movies
12,241
4.55
Movies
Oct 27, 2015
Ivan Reitman Movies
3,033
4.67
Movies
Dec 17, 2012
Colin Firth Movies
1,143
3.33
Movies
Feb 28, 2011
Woody Harrelson Movies
1,062
5.00
Movies
Aug 8, 2012
Go to Creator's Profile
Score Distribution
Quiz Creator Spotlight
joshmassey
Follow
Send a Message
Quizzes Created
-
Created Quiz Play Count
-
More By This Creator
Popular Quizzes Today
1
Find the US States - No Outlines Minefield
2
Find the US States
3
The Countries of the World
4
10 Largest US States in Order
5
Find the Countries of Europe - No Outlines Minefield
6
US States
7
Guess the 'R' Things in 3 Words
8
NBA Finals Game Top Scorers (2010s)
More Movies Quizzes
Susan Sarandon Movies
Published
Trending Quizzes
First Name TV: Leading Men
First Name TV: Leading Women Drama
Match the Book to the Film II
3-Word Movies in 1 Word II
Match the Book to the Film VI
Recently Updated
Women's Final Four Teams by Year
bhenderson79
Presidents Quartet II
eogle
Anything But Clue(do)
eogle
Anything But Oceanian Capitals
eogle
Anything But 7
eogle
Anything But Thing
eogle
Word Ladder: February 29
pecheneg
Song Title Questions
pecheneg
Women's NCAA Tournament #1 Seeds
pecheneg
Celebrity Mug Shots
pecheneg
Trending Topics
Disney
Kpop
Anime
Crossword
Harry Potter
Marvel
NBA
The Office
NFL
Soccer
Country
Puzzle
Song
Pokémon
WWE
Your Account Isn't Verified!
In order to create a playlist on Sporcle, you need to verify the email address you used during registration. Go to your
Sporcle Settings
to finish the process.
Report this User
Report this user for behavior that violates our
Community Guidelines
.
Details:
Send Report
Go to the Sporcle.com Mobile Site →
Comments